[Event "6th United Insurance"]
[Site "Dhaka BAN"]
[Date "2003.03.08"]
[Round "1"]
[White "Abdulla,Al"]
[Black "Vakhidov,T"]
[Result "0-1"]
[WhiteElo "2405"]
[BlackElo "2546"]
[EventDate "2003.03.08"]

1. d4 Nf6 2. c4 g6 3. Nc3 d5 4. cxd5 Nxd5 5. e4 Nxc3 6. bxc3 Bg7 7. Be3 c5
8. Qd2 Qa5 9. Rb1 a6 10. Rc1 e6 11. Nf3 O-O 12. Be2 cxd4 13. cxd4 Qxd2+ 14.
Kxd2 Nc6 15. Rhd1 Bd7 16. d5 exd5 17. exd5 Nb4 18. Bc4 Ba4 19. Bc5 Bxd1 20.
Bxf8 Bxf3 21. Bxg7 Kxg7 22. gxf3 Nxd5 23. Bxd5 Rd8 24. Rc7 Rxd5+ 25. Ke3
Re5+ 26. Kd3 Rb5 27. Ke3 Rb2 28. a4 a5 29. f4 Rb3+ 30. Ke4 Kf6 31. f3 Ke6
32. f5+ gxf5+ 33. Kf4 Kf6 34. Rd7 Rb4+ 35. Kg3 h5 36. h4 Ke6 37. Rc7 b6 38.
Rb7 f4+ 39. Kh3 Kf6 40. Rc7 Kg6 41. Rb7 f6 0-1

[Event "6th United Insurance"]
[Site "Dhaka BAN"]
[Date "2003.03.08"]
[Round "1"]
[White "Goloshchapov,A"]
[Black "Murshed,N"]
[Result "1-0"]
[WhiteElo "2523"]
[BlackElo "2435"]
[EventDate "2003.03.08"]

1. e4 d6 2. d4 Nf6 3. Nc3 g6 4. Be3 a6 5. h3 Bg7 6. f4 b5 7. e5 Nfd7 8. Qf3
Ra7 9. Bd3 b4 10. Ne4 Bb7 11. Qf2 Ra8 12. Nf3 f5 13. exf6 exf6 14. f5 Qe7
15. Nfd2 Nc6 16. O-O d5 17. Ng3 Qf7 18. c3 g5 19. h4 h6 20. Be2 Rc8 1-0

[Event "6th United Insurance"]
[Site "Dhaka BAN"]
[Date "2003.03.08"]
[Round "1"]
[White "Barsov,A"]
[Black "Ahmed,SN"]
[Result "1/2-1/2"]
[WhiteElo "2525"]
[BlackElo "2309"]
[EventDate "2003.03.08"]

1. d4 Nf6 2. c4 e6 3. Nc3 Bb4 4. Nf3 b6 5. Bg5 Bb7 6. e3 h6 7. Bh4 Bxc3+ 8.
bxc3 d6 9. Nd2 Nbd7 10. f3 Qe7 11. Qa4 O-O 12. e4 e5 13. Bd3 g5 14. Bf2 Nh5
15. O-O-O Nf4 16. Bf1 a6 17. Qc2 b5 18. Nb3 bxc4 19. Na5 Rfb8 20. d5 Nb6
21. h4 Qd7 22. hxg5 hxg5 23. Bxb6 cxb6 24. Nxc4 Qc7 25. g3 Ng6 26. Rh5 Rc8
27. Rxg5 b5 28. f4 bxc4 29. f5 Kg7 30. fxg6 fxg6 31. Bh3 1/2-1/2

[Event "6th United Insurance"]
[Site "Dhaka BAN"]
[Date "2003.03.08"]
[Round "1"]
[White "Magem Badals,J"]
[Black "Hossain,Enam"]
[Result "1-0"]
[WhiteElo "2493"]
[BlackElo "2451"]
[EventDate "2003.03.08"]

1. e4 c5 2. Nc3 d6 3. Nge2 Nf6 4. d4 cxd4 5. Nxd4 a6 6. f3 e5 7. Nb3 Be6 8.
Be3 Be7 9. Qd2 O-O 10. O-O-O Qc7 11. g4 Rc8 12. g5 Nh5 13. Nd5 Bxd5 14.
exd5 a5 15. Bh3 Re8 16. a3 a4 17. Nc5 Nf4 18. Bxf4 Qxc5 19. Be3 Qc7 20. Bg4
Na6 21. Kb1 b5 22. c3 Nc5 23. h4 Rf8 24. Qc2 Qd8 25. Rdg1 Kh8 26. Bh3 g6
27. h5 Rg8 28. hxg6 fxg6 29. f4 Ra7 30. f5 Bf8 31. fxg6 Rxg6 32. Bf5 Rgg7
33. g6 Rg8 34. Bg5 1-0

[Event "6th United Insurance"]
[Site "Dhaka BAN"]
[Date "2003.03.08"]
[Round "1"]
[White "Neelotpal,D"]
[Black "Rahman,Zia"]
[Result "0-1"]
[WhiteElo "2406"]
[BlackElo "2542"]
[EventDate "2003.03.08"]

1. e4 g6 2. d4 Bg7 3. Nc3 c6 4. Nf3 d6 5. Be3 Qb6 6. Rb1 Nf6 7. h3 O-O 8.
Be2 Nbd7 9. O-O Qc7 10. a4 b6 11. Qd2 Bb7 12. Rfe1 Rad8 13. Rbd1 a6 14. Bh6
e5 15. Bxg7 Kxg7 16. dxe5 Nxe5 17. Nh4 b5 18. f4 Qb6+ 19. Kh1 Ned7 20. Bf3
b4 21. Na2 a5 22. b3 Rfe8 23. Re3 c5 24. Rd3 Bxe4 25. Rxd6 Qb8 26. c4 Bxf3
27. gxf3 Re6 28. Rxe6 fxe6 29. Qd6 Kf7 30. Qxb8 Rxb8 31. Nc1 Ke7 32. Nd3
Nh5 33. Re1 Rf8 34. Ng2 Ng3+ 35. Kg1 Nf5 36. Ne5 Nd4 37. Nxd7 Kxd7 38. Re3
e5 39. fxe5 Nxf3+ 40. Kf2 Nxe5+ 41. Kg3 Nc6 42. Nf4 Nd4 43. Rd3 Kc6 44. Kg4
Re8 45. Kg5 Re1 46. Kh6 Re4 47. Nd5 Rh4+ 48. Kg5 Rh5+ 49. Kf6 Kd6 50. Re3
Rf5+ 51. Kg7 Rxd5 0-1

[Event "6th United Insurance"]
[Site "Dhaka BAN"]
[Date "2003.03.08"]
[Round "1"]
[White "Rahman,Tai"]
[Black "Dzhumaev,M"]
[Result "0-1"]
[WhiteElo "2300"]
[BlackElo "2507"]
[EventDate "2003.03.08"]

1. d4 f5 2. Nf3 Nf6 3. g3 g6 4. Bg2 Bg7 5. c4 d6 6. O-O O-O 7. Nc3 Qe8 8.
d5 Na6 9. Rb1 Bd7 10. b4 c6 11. dxc6 bxc6 12. b5 cxb5 13. cxb5 Nc7 14. a4
Ne4 15. Nxe4 fxe4 16. Nh4 d5 17. Be3 Be6 18. Rc1 Qd7 19. Bxe4 Nxb5 20. Bxd5
Bxd5 21. axb5 e6 22. Bd4 Bh6 23. Ra1 Rf7 24. Qd3 g5 25. Ng2 Bxg2 26. Kxg2
Rd8 27. Ra4 Qb7+ 28. Kh3 e5 29. Rxa7 g4+ 30. Kh4 Qg2 31. Kxg4 Rf4+ 0-1

[Event "6th United Insurance"]
[Site "Dhaka BAN"]
[Date "2003.03.09"]
[Round "2"]
[White "Reefat,S"]
[Black "Ahmed,SN"]
[Result "1-0"]
[WhiteElo "2451"]
[BlackElo "2309"]
[EventDate "2003.03.08"]

1. e4 c5 2. Nf3 d6 3. d4 cxd4 4. Nxd4 Nf6 5. Nc3 a6 6. Bc4 e6 7. Bb3 b5 8.
O-O Be7 9. Qf3 Qc7 10. Qg3 O-O 11. Bh6 Ne8 12. Rad1 Bf6 13. Nce2 d5 14. Bd2
dxe4 15. Bb4 Be5 16. Qc3 Bxh2+ 17. Kh1 Qxc3 18. Nxc3 Bd6 19. Bxd6 Nxd6 20.
Nxe6 Bxe6 21. Bxe6 Ne8 22. Bd5 Ra7 23. Bxe4 Nf6 24. Bf3 Nbd7 25. Rd6 Nc5
26. Re1 h6 27. Nd5 Nxd5 28. Bxd5 Rc8 29. b4 Na4 30. Bb3 Nb2 31. Re4 Rcc7
32. Kg1 a5 33. bxa5 Rxa5 34. Red4 Na4 35. Rf4 Raa7 36. Rd8+ Kh7 37. Rf8 Nc3
38. R4xf7 Rxf7 39. Rxf7 Ra5 40. f4 Nxa2 41. f5 Nc1 42. Bd5 Ra6 43. Kf2 Rd6
44. Be4 Kg8 45. Ra7 Rd2+ 46. Ke3 Re2+ 47. Kf3 Re1 48. Bd5+ Kh7 49. Ra8 h5
50. Kf4 g6 51. Kg5 Re5 52. Ra7+ Kh8 53. Kh6 1-0

[Event "6th United Insurance"]
[Site "Dhaka BAN"]
[Date "2003.03.09"]
[Round "2"]
[White "Hossain,Enam"]
[Black "Barsov,A"]
[Result "0-1"]
[WhiteElo "2451"]
[BlackElo "2525"]
[EventDate "2003.03.08"]

1. e4 e6 2. d4 d5 3. Nd2 Nf6 4. e5 Nfd7 5. c3 c5 6. Bd3 Nc6 7. Ngf3 Be7 8.
O-O g5 9. a3 cxd4 10. cxd4 Qb6 11. Nb3 g4 12. Ne1 Nxd4 13. Nxd4 Qxd4 14.
Nc2 Qxe5 15. Qxg4 h5 16. Qh3 Nc5 17. Bb5+ Bd7 18. Bxd7+ Kxd7 19. Re1 Qf5
20. Qxf5 exf5 21. Be3 f4 22. Bd4 Rhc8 23. Rad1 Ne6 24. Bc3 Nc7 25. Rd3 Bd6
26. Rh3 Nb5 27. Rd1 Nxc3 28. bxc3 Ke6 29. Rxh5 Be5 30. Re1 f6 31. Rh7 Kd6
32. Nd4 a6 33. Rxb7 Rxc3 34. Nf3 Rxa3 35. h4 a5 36. Rb5 Ra1 37. Rxa1 Bxa1
38. h5 Bc3 39. h6 a4 40. h7 a3 41. Rb6+ Kc5 42. Ra6 Rxa6 43. h8=Q a2 44.
Qc8+ Rc6 45. Qf8+ Kb5 46. Qb8+ Ka4 47. Nd2 Bxd2 48. Qa8+ Kb3 49. Qxc6 a1=Q+
50. Kh2 Qd4 51. f3 f5 52. Qb7+ Bb4 53. Qc8 Bc5 0-1

[Event "6th United Insurance"]
[Site "Dhaka BAN"]
[Date "2003.03.09"]
[Round "2"]
[White "Murshed,N"]
[Black "Magem Badals,J"]
[Result "1-0"]
[WhiteElo "2435"]
[BlackElo "2493"]
[EventDate "2003.03.08"]

1. c4 e5 2. Nc3 d6 3. Nf3 f5 4. d4 e4 5. Ng5 Be7 6. Nh3 Nf6 7. e3 c6 8. Nf4
Na6 9. h4 Nc7 10. Bd2 O-O 11. Rc1 Ne6 12. Nce2 d5 13. cxd5 Nxd5 14. Nxd5
cxd5 15. g3 b6 16. Qb3 Bb7 17. Bb4 g6 18. Bxe7 Qxe7 19. Nc3 Rfd8 20. Be2
Kg7 21. a4 Rac8 22. Kd2 h6 23. Nb5 a5 24. Na7 Rxc1 25. Rxc1 Qd6 26. Bb5 Ra8
27. Nc6 Rc8 28. Ne5 Rxc1 29. Kxc1 Nd8 30. Qc3 g5 31. hxg5 hxg5 32. Bd7 Kf6
33. g4 fxg4 34. Bxg4 Nc6 35. Bc8 Ba8 36. Bg4 Bb7 37. Bc8 Ba8 38. Bd7 Nxe5
39. dxe5+ Qxe5 40. Qc8 Qe7 41. Qh8+ Kf7 42. Qh7+ Kf6 43. Qh8+ Qg7 1-0

[Event "6th United Insurance"]
[Site "Dhaka BAN"]
[Date "2003.03.09"]
[Round "2"]
[White "Rahman,Zia"]
[Black "Goloshchapov,A"]
[Result "1/2-1/2"]
[WhiteElo "2542"]
[BlackElo "2523"]
[EventDate "2003.03.08"]

1. Nf3 d5 2. d4 c6 3. e3 e6 4. c4 f5 5. Bd3 Nf6 6. O-O Bd6 7. b3 Qe7 8. Bb2
b6 9. Qc1 Bb7 10. Ba3 c5 11. cxd5 Nxd5 12. dxc5 bxc5 13. Nbd2 Nd7 14. Bb5
N5b6 15. Qc2 O-O 16. Rad1 Rac8 17. Be2 Kh8 18. Bb2 Bb8 19. Rfe1 Nd5 20. e4
Nb4 21. Qb1 f4 22. Bb5 Bc6 23. Bxc6 Nxc6 24. e5 Nb6 25. Ne4 h6 26. Nd6 Rcd8
27. Qg6 Kg8 28. Ne4 Rxd1 29. Rxd1 Rd8 30. Rxd8+ Nxd8 31. h4 Nf7 32. Nf6+
Kf8 33. Nh5 Nd8 34. Nxf4 Qf7 35. Qd3 Nc6 36. Qe3 Nd7 37. Nd3 Qf5 38. Nxc5
Ke8 39. Nxd7 Kxd7 40. Qd2+ Ke8 41. Qc3 Qe4 42. g3 Bc7 43. Nd2 Qd5 44. Nc4
Bb6 45. Qc2 Kd7 46. Qe2 Bc5 47. Qg4 Ne7 48. Qf4 Nf5 49. h5 Qd1+ 50. Kg2
Qxh5 51. Qe4 Kc7 52. Bc3 Qe8 53. b4 Bb6 54. Nxb6 axb6 55. f3 Qb5 56. g4 Ne7
57. Be1 Nd5 58. a3 Qa4 59. Bf2 Qxa3 60. Qc4+ Kb7 61. b5 Qc3 62. Qa2 Qa5 63.
Qc4 Qc3 64. Qe4 Qb2 65. Qa4 Nc7 66. Qe4+ Nd5 67. Qa4 Nc7 68. Qe4+ Nd5
1/2-1/2

[Event "6th United Insurance"]
[Site "Dhaka BAN"]
[Date "2003.03.09"]
[Round "2"]
[White "Vakhidov,T"]
[Black "Neelotpal,D"]
[Result "1/2-1/2"]
[WhiteElo "2546"]
[BlackElo "2406"]
[EventDate "2003.03.08"]

1. c4 e5 2. Nc3 Nf6 3. Nf3 Nc6 4. d4 exd4 5. Nxd4 Bb4 6. Bg5 h6 7. Bh4 O-O
8. e3 Bxc3+ 9. bxc3 Ne5 10. f3 Re8 11. Be2 Ng6 12. Bf2 d5 13. O-O c5 14.
Nb3 b6 15. Qc2 Qe7 16. Rfd1 Bb7 17. Rac1 Ne5 18. cxd5 Nxd5 19. c4 Nb4 20.
Qb1 Rad8 1/2-1/2

[Event "6th United Insurance"]
[Site "Dhaka BAN"]
[Date "2003.03.09"]
[Round "2"]
[White "Dzhumaev,M"]
[Black "Abdulla,Al"]
[Result "1-0"]
[WhiteElo "2507"]
[BlackElo "2405"]
[EventDate "2003.03.08"]

1. e4 c6 2. d4 d5 3. e5 Bf5 4. Nc3 Qb6 5. Na4 Qa5+ 6. c3 e6 7. Nf3 Nd7 8.
b4 Qc7 9. Be2 Ne7 10. O-O f6 11. exf6 gxf6 12. Nh4 Bg6 13. Re1 O-O-O 14.
Bg4 f5 15. Bh3 Bf7 16. Nf3 h6 17. Nc5 Nxc5 18. bxc5 Ng6 19. Qa4 Kb8 20. Rb1
Bg7 21. Bd2 Ka8 22. Rb3 Rd7 23. Ra3 b5 24. cxb6 Qxb6 25. Rb3 Qc7 26. Reb1
Rdd8 27. c4 dxc4 28. Ba5 Qd7 29. Rb7 Qxb7 30. Rxb7 Kxb7 31. Qb4+ Kc8 32.
Bxd8 Rxd8 33. Qxc4 Nf4 34. Bxf5 Bxd4 35. Qxc6+ Kb8 1-0

[Event "6th United Insurance"]
[Site "Dhaka BAN"]
[Date "2003.03.09"]
[Round "2"]
[White "Tiviakov,S"]
[Black "Rahman,Tai"]
[Result "1-0"]
[WhiteElo "2635"]
[BlackElo "2300"]
[EventDate "2003.03.08"]

1. e4 c5 2. c3 Nf6 3. e5 Nd5 4. Nf3 Nc6 5. Bc4 Nb6 6. Bb3 d5 7. exd6 e6 8.
O-O Bxd6 9. d4 cxd4 10. Nxd4 Nxd4 11. Qxd4 O-O 12. Nd2 Qc7 13. Nf3 Bd7 14.
Rd1 Nc8 15. Qd3 Bc6 16. Ng5 g6 17. Qh3 h5 18. g4 Bxh2+ 19. Qxh2 Qxh2+ 20.
Kxh2 hxg4 21. Kg3 Ne7 22. Kxg4 1-0

[Event "6th United Insurance"]
[Site "Dhaka BAN"]
[Date "2003.03.10"]
[Round "3"]
[White "Rahman,Tai"]
[Black "Reefat,S"]
[Result "1/2-1/2"]
[WhiteElo "2300"]
[BlackElo "2451"]
[EventDate "2003.03.08"]

1. Nf3 d5 2. d4 e6 3. c4 c6 4. Qc2 Nf6 5. Bg5 dxc4 6. Qxc4 b6 7. Nc3 Be7 8.
Rd1 h6 9. Bh4 O-O 10. Qa4 Nd5 11. Bxe7 Qxe7 12. e3 a5 13. Ne5 Bb7 14. Nxd5
exd5 15. Bd3 Qb4+ 16. Qxb4 axb4 17. Bb1 c5 18. b3 Rd8 19. O-O Nd7 20. Nxd7
Rxd7 21. Rd2 c4 22. bxc4 dxc4 23. Rb2 b3 24. axb3 c3 25. Ra2 Rxa2 26. Bxa2
Bd5 27. Rc1 Ra7 28. Bb1 Kf8 29. Bc2 Ra3 30. Kf1 Bxb3 31. Bxb3 Rxb3 32. Ke2
b5 33. Kd3 b4 34. f3 Rb2 35. Rc2 Rb1 36. Ra2 Ke7 37. Kc2 Re1 38. Kb3 Rb1+
39. Kc2 Re1 40. Kb3 1/2-1/2

[Event "6th United Insurance"]
[Site "Dhaka BAN"]
[Date "2003.03.10"]
[Round "3"]
[White "Abdulla,Al"]
[Black "Tiviakov,S"]
[Result "0-1"]
[WhiteElo "2405"]
[BlackElo "2635"]
[EventDate "2003.03.08"]

1. d4 Nf6 2. c4 e6 3. Nc3 Bb4 4. g3 O-O 5. Bg2 d5 6. cxd5 exd5 7. Nf3 Re8
8. O-O a5 9. Bg5 c6 10. Qc2 Na6 11. a3 Be7 12. Rad1 Nc7 13. Ne5 Ng4 14.
Bxe7 Qxe7 15. e4 dxe4 16. Bxe4 Nf6 17. Bg2 Be6 18. Rfe1 Qd6 19. Ne4 Nxe4
20. Bxe4 h6 21. Nc4 Bxc4 22. Qxc4 Re7 23. Bc2 Rxe1+ 24. Rxe1 Ne6 25. Qd3 g6
26. Rd1 Rd8 27. Qd2 Qd5 0-1

[Event "6th United Insurance"]
[Site "Dhaka BAN"]
[Date "2003.03.10"]
[Round "3"]
[White "Neelotpal,D"]
[Black "Dzhumaev,M"]
[Result "0-1"]
[WhiteElo "2406"]
[BlackElo "2507"]
[EventDate "2003.03.08"]

1. e4 g6 2. d4 Bg7 3. Nc3 d6 4. Be3 c6 5. Qd2 Nd7 6. Nf3 b5 7. Bd3 Qc7 8.
O-O Ngf6 9. a4 b4 10. Nd1 Rb8 11. c3 bxc3 12. Nxc3 O-O 13. b4 e5 14. b5
exd4 15. Nxd4 c5 16. Nc6 Ra8 17. Rad1 Bb7 18. Be2 Nb8 19. Bf4 Ne8 20. Nd5
Qd7 21. Na5 Bc8 22. b6 axb6 23. Nxb6 Qa7 24. Nxa8 Qxa8 25. Bb5 Be6 26. Rfe1
Bd4 27. e5 Bd5 28. Bf1 Nd7 29. Be3 dxe5 30. Bxd4 exd4 31. Rc1 Nef6 32. f3
Rc8 33. Bb5 Nf8 34. Nc4 Qb8 35. Qg5 Kg7 36. Re7 Ne6 37. Qe5 Nf4 38. Nd6 Rd8
39. Qxf4 Rxd6 40. Rxc5 Qb6 41. Rc1 Be6 42. a5 Qd8 43. Rb7 d3 44. a6 Bd5 45.
Rbc7 Bxf3 46. Bxd3 Bxg2 47. Kxg2 Rxd3 48. Rf1 Qa8+ 0-1

[Event "6th United Insurance"]
[Site "Dhaka BAN"]
[Date "2003.03.10"]
[Round "3"]
[White "Magem Badals,J"]
[Black "Rahman,Zia"]
[Result "1/2-1/2"]
[WhiteElo "2493"]
[BlackElo "2542"]
[EventDate "2003.03.08"]

1. e4 g6 2. d4 Bg7 3. Nc3 c6 4. f4 Qb6 5. Nf3 d5 6. exd5 Bg4 7. Bc4 Nf6 8.
O-O O-O 9. Be3 Bxf3 10. Qxf3 Qxb2 11. Bf2 Ng4 12. Rab1 Qxc2 13. Qxg4 Qxc3
14. Rfc1 Qa5 15. Rxb7 cxd5 16. Bb3 e6 17. f5 gxf5 18. Qh5 Na6 19. g4 Qd2
20. Rd1 Qe2 21. h3 fxg4 22. Re1 Qd3 23. Qxg4 Qg6 24. Rc1 Rfb8 25. Rd7 Rb4
26. Rc6 Rb6 27. Rxa7 Rxa7 28. Rxb6 Bh6 29. Bxd5 Qxg4+ 30. hxg4 exd5 31.
Rxh6 Nb4 32. Rb6 Nd3 33. Rb5 Rxa2 34. Be3 Kg7 35. Kf1 Nb2 36. Rxd5 Nc4 37.
Bf4 f6 1/2-1/2

[Event "6th United Insurance"]
[Site "Dhaka BAN"]
[Date "2003.03.10"]
[Round "3"]
[White "Barsov,A"]
[Black "Murshed,N"]
[Result "1-0"]
[WhiteElo "2525"]
[BlackElo "2435"]
[EventDate "2003.03.08"]

1. d4 d6 2. Nf3 g6 3. g3 Bg7 4. Bg2 Nc6 5. d5 Na5 6. c3 c5 7. O-O Nf6 8. e4
Nd7 9. Na3 b6 10. Re1 O-O 11. Bf4 Ne5 12. Qd2 Bd7 13. b3 b5 14. Bh6 Nb7 15.
Bxg7 Kxg7 16. Nh4 f6 17. f4 Nf7 18. Nf3 Qa5 19. Nc2 Bg4 20. Nh4 Rad8 21. a4
bxa4 22. Rxa4 Qb6 23. Ne3 Bd7 24. Nc4 Qxb3 25. Ra3 Qb5 26. Bf1 a5 27. Nxd6
Qb6 28. Nxb7 Qxb7 29. Rxa5 c4 30. Qe3 Nd6 31. Ra7 Qb8 32. Nf3 f5 33. exf5
gxf5 34. Ne5 Qc8 35. Nxc4 Ne4 36. Nb6 1-0

[Event "6th United Insurance"]
[Site "Dhaka BAN"]
[Date "2003.03.10"]
[Round "3"]
[White "Ahmed,SN"]
[Black "Hossain,Enam"]
[Result "0-1"]
[WhiteElo "2309"]
[BlackElo "2451"]
[EventDate "2003.03.08"]

1. e4 c5 2. Nc3 Nc6 3. g3 g6 4. Bg2 Bg7 5. d3 d6 6. Nh3 e6 7. O-O Nge7 8.
Be3 O-O 9. Qd2 b6 10. Bh6 d5 11. Bxg7 Kxg7 12. exd5 exd5 13. Nf4 d4 14.
Ncd5 Nxd5 15. Nxd5 Qd6 16. Ne7 Bd7 17. Nxc6 Bxc6 18. Bxc6 Qxc6 19. Rae1
Rfe8 20. Rxe8 Rxe8 21. Re1 Re6 22. Rxe6 Qxe6 23. b3 h6 24. f3 g5 25. Kf2
Kg6 26. Qe2 Qxe2+ 27. Kxe2 Kf5 28. Kf2 h5 29. Ke2 Ke5 30. Kf2 f5 31. h4
gxh4 32. f4+ Kd5 33. gxh4 Kc6 34. Ke2 Kb5 35. a3 a5 36. a4+ Kb4 37. Kd2 b5
38. axb5 Kxb5 39. Kd1 Kb4 40. Kd2 a4 41. bxa4 Kxa4 42. Kc1 Kb4 43. Kd1 Kc3
44. Kc1 c4 45. dxc4 Kxc4 46. Kd2 Kc5 47. Ke2 Kc6 48. Kd2 Kd6 49. c4 dxc3+
50. Kxc3 Kc5 0-1

[Event "6th United Insurance"]
[Site "Dhaka BAN"]
[Date "2003.03.11"]
[Round "4"]
[White "Reefat,S"]
[Black "Hossain,Enam"]
[Result "0-1"]
[WhiteElo "2451"]
[BlackElo "2451"]
[EventDate "2003.03.08"]

1. e4 e5 2. Nf3 Nf6 3. d4 Nxe4 4. Bd3 d5 5. Nxe5 Nd7 6. Nc3 Nxe5 7. dxe5
Bb4 8. O-O Bxc3 9. bxc3 Be6 10. Qe1 Nc5 11. Bb5+ c6 12. Ba3 Nd7 13. Bd3 c5
14. f4 g6 15. c4 Qc7 16. cxd5 Bxd5 17. c4 Be6 18. Rb1 O-O-O 19. Be4 b6 20.
Bd5 Rhe8 21. Qc3 g5 22. Bb2 gxf4 23. Rfe1 Nf8 24. Rbd1 Ng6 25. a4 a5 26.
Qb3 Kb8 27. Bc3 Ka7 28. Rb1 Rb8 29. Qd1 Red8 30. Qf3 Qd7 31. Red1 Bg4 32.
Qf2 Bxd1 33. Rxd1 Qg4 34. Re1 f3 35. Qxf3 Qxf3 36. gxf3 Rd7 37. Re4 Ne7 38.
Bxf7 Rd3 39. Be1 Rxf3 40. Bd5 Re8 41. Bg3 Nxd5 42. cxd5 Rd3 43. Rh4 Rxd5
44. Rxh7+ Ka6 0-1

[Event "6th United Insurance"]
[Site "Dhaka BAN"]
[Date "2003.03.11"]
[Round "4"]
[White "Murshed,N"]
[Black "Ahmed,SN"]
[Result "1-0"]
[WhiteElo "2435"]
[BlackElo "2309"]
[EventDate "2003.03.08"]

1. d4 Nf6 2. Nf3 e6 3. Bg5 b6 4. e3 Bb7 5. Nbd2 d5 6. Ne5 Be7 7. Bd3 O-O 8.
O-O Ne4 9. Bf4 f6 10. Nef3 g5 11. Bg3 h5 12. h3 Nxg3 13. fxg3 Bd6 14. Nxg5
fxg5 15. Qxh5 Qd7 16. Rxf8+ Bxf8 17. Rf1 Nc6 18. Bg6 Nd8 19. Nf3 Qg7 20.
Nxg5 1-0

[Event "6th United Insurance"]
[Site "Dhaka BAN"]
[Date "2003.03.11"]
[Round "4"]
[White "Rahman,Zia"]
[Black "Barsov,A"]
[Result "1/2-1/2"]
[WhiteElo "2542"]
[BlackElo "2525"]
[EventDate "2003.03.08"]

1. Nf3 d5 2. d4 Nf6 3. c4 e6 4. g3 dxc4 5. Bg2 Nc6 6. Qa4 Nd7 7. Qxc4 Nb6
8. Qd3 e5 9. Nc3 Bb4 10. Be3 exd4 11. Nxd4 Nxd4 12. Bxd4 O-O 13. O-O Re8
14. a3 Bf8 15. Rfd1 c6 16. a4 a5 17. Qc2 Nd7 18. Be4 g6 19. Bg2 Nf6 20. Be5
Qe7 21. Bd6 Qe6 22. Bxf8 Kxf8 23. Rd4 Qe7 24. Rad1 Be6 25. Qd3 Ra6 26. Rf4
Kg7 27. Qd4 c5 28. Qd3 Rb6 29. Nb5 Bf5 30. Qc3 Qxe2 31. Bf3 Qe5 32. Qxa5
Ra6 33. Qc7 Bh3 34. Qxe5 Rxe5 35. Rh4 Bd7 36. Bxb7 Rb6 1/2-1/2

[Event "6th United Insurance"]
[Site "Dhaka BAN"]
[Date "2003.03.11"]
[Round "4"]
[White "Vakhidov,T"]
[Black "Magem Badals,J"]
[Result "1/2-1/2"]
[WhiteElo "2546"]
[BlackElo "2493"]
[EventDate "2003.03.08"]

1. Nf3 d5 2. d4 Nf6 3. c4 dxc4 4. e3 e6 5. Bxc4 c5 6. O-O Nc6 7. dxc5 Qxd1
8. Rxd1 Bxc5 9. Nbd2 O-O 10. b3 Rd8 11. Bb2 b6 1/2-1/2

[Event "6th United Insurance"]
[Site "Dhaka BAN"]
[Date "2003.03.11"]
[Round "4"]
[White "Dzhumaev,M"]
[Black "Goloshchapov,A"]
[Result "1/2-1/2"]
[WhiteElo "2507"]
[BlackElo "2523"]
[EventDate "2003.03.08"]

1. e4 c5 2. Nf3 Nc6 3. Bb5 e6 4. O-O Nge7 5. b3 a6 6. Bxc6 Nxc6 7. Bb2 b5
8. Re1 Qc7 9. a4 b4 10. d4 cxd4 11. Nxd4 Nxd4 12. Qxd4 f6 13. Nd2 Bc5 14.
Qd3 a5 15. Nc4 Ba6 16. e5 O-O 17. Re4 fxe5 18. Bxe5 Bxf2+ 19. Kh1 Qa7 20.
Rg4 Rf7 21. Qd2 Bxc4 22. bxc4 Qe3 23. Qd6 Be1 24. Bf4 Qe2 25. h3 Qf1+ 26.
Kh2 Bg3+ 27. Bxg3 Qxa1 28. Be5 Qc1 29. Qd4 Qh6 30. Rh4 Qg6 31. Rg4 Qf5 32.
Rf4 Qg5 33. Rxf7 Kxf7 34. Qxd7+ Qe7 35. Qd3 Kg8 36. Bd6 Qd7 37. c5 Qxa4 38.
Qe4 Qe8 39. Qb7 Qc8 40. c6 Qe8 41. Be5 Qf8 42. c7 Qc8 43. Qb5 Qe8 44. Qb7
Rc8 45. Qb6 a4 46. Qxb4 Qd7 47. Qa5 Qd5 48. Qc3 Qd7 49. Qg3 Ra8 50. c4 a3
51. Qf3 Rc8 52. Qxa3 Rxc7 53. Bxc7 Qxc7+ 54. Kh1 Qxc4 55. Qa8+ Kf7 56. Qb7+
Kf6 57. Qf3+ Kg5 58. Qe3+ Kf5 59. Qf3+ Qf4 60. Qh5+ Kf6 61. Qxh7 Qf1+ 62.
Kh2 Qf4+ 63. Kh1 Qf1+ 1/2-1/2

[Event "6th United Insurance"]
[Site "Dhaka BAN"]
[Date "2003.03.11"]
[Round "4"]
[White "Tiviakov,S"]
[Black "Neelotpal,D"]
[Result "0-1"]
[WhiteElo "2635"]
[BlackElo "2406"]
[EventDate "2003.03.08"]

1. e4 c5 2. Nf3 d6 3. d4 cxd4 4. Nxd4 Nf6 5. Nc3 Nc6 6. Bg5 e6 7. Qd2 a6 8.
O-O-O Bd7 9. f4 b5 10. Bxf6 gxf6 11. Kb1 Qb6 12. Nxc6 Bxc6 13. Qe1 Ra7 14.
Bd3 h5 15. Qh4 Be7 16. f5 b4 17. Ne2 e5 18. Ng3 Qf2 19. Rhf1 Qc5 20. Nxh5
Kd8 21. g4 Kc7 22. Qe1 a5 23. Qe2 Kb8 24. Bc4 Rc7 25. b3 a4 26. Rfe1 Rhc8
27. Qd3 Ka7 28. Rd2 Kb6 29. Bxf7 Bb5 30. Qe3 Qxe3 31. Rxe3 Rc3 32. Re1 a3
33. Be6 R8c7 34. Rf2 Rh3 35. Rg2 Rcc3 36. Bd5 Rcf3 37. Ng3 Rh4 38. Bf7 Rf4
39. Bh5 Bc6 40. Rd2 Rh3 41. Kc1 Bf8 42. Kd1 Kc7 43. Ree2 Bh6 44. Rd3 Bb5
45. c4 Bc6 46. Kc2 Bg5 47. Rde3 Bh4 48. Kd3 Bg5 49. Kd2 d5 50. cxd5 Bb5 51.
Kc2 Bxe2 52. Rxe2 Rf3 53. Rg2 Rc3+ 54. Kd1 Rc1+ 55. Ke2 Rc2+ 56. Kf3 Rxh2
57. Rxh2 Rxh2 58. Ne2 Rh1 0-1

[Event "6th United Insurance"]
[Site "Dhaka BAN"]
[Date "2003.03.11"]
[Round "4"]
[White "Rahman,Tai"]
[Black "Abdulla,Al"]
[Result "0-1"]
[WhiteElo "2300"]
[BlackElo "2405"]
[EventDate "2003.03.08"]

1. d4 c5 2. d5 e5 3. c4 d6 4. Nc3 Be7 5. Nf3 Nf6 6. e4 O-O 7. Bd3 Ne8 8.
O-O Nd7 9. Rb1 g6 10. a3 f5 11. b4 Ng7 12. Nd2 b6 13. Bc2 Bg5 14. Ba4 cxb4
15. axb4 Nf6 16. Qe2 Ngh5 17. g3 f4 18. Bd1 Bh3 19. Re1 fxg3 20. hxg3 Ng4
21. Nf3 Bxc1 22. Rxc1 a5 23. bxa5 Rxa5 24. Qb2 b5 25. cxb5 Nxg3 26. b6 Nh5
27. b7 Ra7 28. b8=Q Qxb8 29. Qxb8 Rxb8 30. Be2 Ngf6 31. Rb1 Rc8 32. Nb5 Ra2
33. Ng5 Nf4 34. Nxd6 Nxe2+ 35. Rxe2 Rxe2 36. Nxc8 Bxc8 37. Rc1 Bd7 38. Rc7
h6 39. Kf1 Bb5 40. Rc8+ Ne8 0-1

[Event "6th United Insurance"]
[Site "Dhaka BAN"]
[Date "2003.03.12"]
[Round "5"]
[White "Abdulla,Al"]
[Black "Reefat,S"]
[Result "0-1"]
[WhiteElo "2405"]
[BlackElo "2451"]
[EventDate "2003.03.08"]

1. d4 e6 2. Nf3 d5 3. c4 c6 4. e3 f5 5. Bd3 Nf6 6. O-O Bd6 7. b3 Qe7 8. Bb2
b6 9. Qc1 Ba6 10. Ba3 c5 11. Qc2 cxd4 12. Nxd4 Bxa3 13. Nxa3 Qxa3 14. Nxe6
Kf7 15. Nc7 Qd6 16. Nxa8 Nc6 17. Bxf5 Rxa8 18. Rfd1 d4 19. Bxh7 Rd8 20. Be4
Nb4 21. Bg6+ Kg8 22. Qf5 Nc6 23. Rd2 Bc8 24. Qg5 Qc5 25. Qxc5 bxc5 26. Rad1
a5 27. exd4 Nxd4 28. a3 Ng4 29. Be4 Be6 30. h3 Nf6 31. Bg6 Rb8 32. Rxd4
cxd4 33. Rxd4 Kf8 34. Bc2 Ke7 35. Kf1 Nd7 36. Re4 Nc5 37. Re3 Nxb3 38. Bxb3
Rxb3 39. Rxb3 Bxc4+ 40. Ke1 Bxb3 41. Kd2 Bd5 42. g3 Kd6 43. Kd3 Be6 44. h4
Kd5 45. f3 a4 46. g4 Bf7 47. f4 Be6 48. f5 Bd7 49. Ke3 Ke5 50. Kf3 Bc6+ 51.
Kg3 Be4 52. h5 Bxf5 0-1

[Event "6th United Insurance"]
[Site "Dhaka BAN"]
[Date "2003.03.12"]
[Round "5"]
[White "Neelotpal,D"]
[Black "Rahman,Tai"]
[Result "1-0"]
[WhiteElo "2406"]
[BlackElo "2300"]
[EventDate "2003.03.08"]

1. e4 c5 2. Nf3 e6 3. c4 Nc6 4. Nc3 Nf6 5. Be2 d5 6. exd5 exd5 7. d4 cxd4
8. Nxd4 Bc5 9. Nxc6 bxc6 10. O-O O-O 11. Bg5 Be6 12. cxd5 cxd5 13. Rc1 Be7
14. Nb5 Qa5 15. a3 Bd8 16. Be3 Bg4 17. f3 Bb6 18. Nd4 Bh5 19. Rc3 Rfe8 20.
b4 Bxd4 21. Bxd4 Qd8 22. Bb5 Re6 23. Qd2 a6 24. Ba4 Ne8 25. Bc6 Rc8 26.
Bxd5 Rxc3 27. Bxc3 Rd6 28. Rd1 Kh8 29. Qe2 Nc7 30. Bb3 Rxd1+ 31. Qxd1 Qe8
32. Qe1 Qd7 33. Qe5 1-0

[Event "6th United Insurance"]
[Site "Dhaka BAN"]
[Date "2003.03.12"]
[Round "5"]
[White "Goloshchapov,A"]
[Black "Tiviakov,S"]
[Result "1/2-1/2"]
[WhiteElo "2523"]
[BlackElo "2635"]
[EventDate "2003.03.08"]

1. e4 c5 2. Nf3 Nc6 3. d4 cxd4 4. Nxd4 g6 5. c4 Nf6 6. Nc3 d6 7. Be2 Nxd4
8. Qxd4 Bg7 9. Be3 O-O 10. Qd2 Be6 11. Rc1 Qa5 12. f3 Rfc8 13. b3 a6 14.
Na4 Qxd2+ 15. Kxd2 Nd7 1/2-1/2